000 00600nam a2200217Ia 4500
003 OSt
005 20230411141802.0
008 210423s2009 xx 000 0 und d
020 _a978-81-7446-699-0
040 _cAL
041 _aeng
082 _a658.3
_223
_bDEBM
100 _aDEB (Tapomoy)
_986162
245 _aManaging human resources and industrial relations
260 _aNew Delhi
_bExcel Books
_c2009
300 _axvi,669
_bPB
365 _b475
_cINR
650 _aPersonnel Management
_986163
906 _ahuman ; industrial ; Managing ; relations ; resources
942 _2ddc
_cBK
999 _c169636
_d169636